000 00702nam a2200193 i 4500
001 71099
003 ES-MaACL
005 20230906171024.0
007 t|
008 040805s1924 mx ||||1| spa d
100 1 _aGastelum, Bernardo J.
_955932
245 1 0 _aLecciones de ginecología en el Hospital General /
_cpor Bernardo J. Gastelum ; jefe de clínica Alfonso Ortiz.
260 _aMéxico :
_bSecretaría de Educación,
_c1924.
300 _a235 p., 11 h. pleg. ;
_c24 cm.
500 _aPrecede al tít.: Universidad Nacional Facultad de Medicina.
700 1 _aOrtiz, Alfonso.
_987547
710 2 _aUniversidad Nacional de México.
_bFacultad de Medicina.
_97426
852 _aES-MaACL
_jE-1525
999 _c71099
_d71099